Lamarck elméletének hatása az újabb élettudományban.
Elmentve itt :
| Szerző: | |
|---|---|
| Adatforrás: | Philobibl |
| Forrásdokumentuma: | Pótfüzetek a Természettudományi Közlönyhöz 1908. évf., 81-120.p. p. |
| Dokumentumtípus: | Cikk |
| Nyelv: | magyar |
| LEADER | 00350nab a2200097 c 4500 | ||
|---|---|---|---|
| 001 | bibDOK00023402 | ||
| 005 | 20200924121737.1 | ||
| 008 | 060518s1908 hu hun | ||
| 100 | 1 | |a Francé Rezső | |
| 245 | 1 | 0 | |a Lamarck elméletének hatása az újabb élettudományban. |c Francé Rezső |
| 773 | 0 | |t Pótfüzetek a Természettudományi Közlönyhöz |g 1908. évf., 81-120.p. p. | |